000 00422nam a22001817a 4500
003 koha_MIRAKIL
005 20231213095600.0
008 231213b |||||||| |||| 00| 0 ||| d
020 _b9-75860216-0
040 _aTR-IsEVY
_btur
_cTR-IsEVY
082 _a823 DEF/R
100 _aDEFOE, DANIEL.
245 0 _aROBINSONcrusoe.
260 _bParıltı,
_c2008
300 _a141.
650 _aEdebiyat.
942 _2ddc
_cBK
999 _c6047
_d6047